[Event "Int SVK-ch Open 2020"]
[Site "Drienica"]
[Date "2020.08.07"]
[Round "1.23"]
[White "Andras, Anton"]
[Black "Kucera, Michal"]
[Result "1/2-1/2"]
[WhiteElo "1584"]
[BlackElo "2007"]
[Annotator "TA"]
[PlyCount "112"]
[EventDate "2020.08.07"]
[EventType "swiss"]
[EventCountry "SVK"]
[SourceTitle "playchess.com"]
[Source "ChessBase"]
[SourceQuality "1"]

{[%evp 9,112,0,0,-11,-4,-5,0,-9,-4,-4,-5,-32,0,-8,0,-2,-1,-31,-4,-4,-4,-8,0,0,6,8,6,-6,8,-11,0,-10,0,-31,-15,-15,-10,-9,-8,-10,-7,-7,0,-6,0,-6,11,13,13,16,19,16,30,27,32,27,51,28,91,46,129,65,79,17,18,14,15,0,0,0,-8,0,16,12,14,14,16,0,0,0,0,0,0,0,0,0,0,0,0,0,0,0,0,0,0,0,0,0,0,0,0,0,0,0,0]} 1. d4 Nf6 2. Nf3 e6 3. Bf4 d5 4. e3 Bd6 5. Bg3 O-O 6. c3 {D02: 1 d4 d5 2 Nf3 sidelines, including 2...Nf6 3 g3 and 2...Nf6 3 Bf4.} b6 7. Nbd2 c5 8. Bd3 Bb7 9. Ne5 {9.Qe2 gains popularity.} Qc7 10. Ndf3 Nbd7 (10... Ne4 {looks sharper.} 11. Bxe4 dxe4 12. Nd2 b5 13. a4 f6) 11. Nxd7 Qxd7 {[#]} 12. Bxd6 $146 ({Predecessor:} 12. Ne5 Qc7 13. O-O Ne4 14. f4 f6 15. Nf3 Rae8 16. Rc1 Kh8 17. Nd2 g6 18. Be1 {½-½ (46) Koshelev,V (1725)-Makashov,N (1820) Voronezh 2019}) 12... Qxd6 13. Ne5 c4 14. Bc2 b5 15. O-O Rab8 16. Qe2 Ba8 17. a3 a5 18. Rfb1 Rb6 19. Ra2 Rfb8 20. Rba1 Bc6 (20... Qe7 {keeps more tension.} 21. Re1 Nd7 22. Nxd7 Qxd7 23. Raa1 Qc7) 21. Nxc6 Rxc6 22. e4 Nxe4 23. Bxe4 dxe4 24. Qxe4 Rd8 25. f4 Qd5 (25... Rb6 {is more complex.} 26. Re1 g6 27. Qe5 Qd7 28. Raa1 Qb7) 26. Qe5 (26. Re1 {seems wilder.} Rb6 27. Qxd5 Rxd5 28. Raa1 f6 29. g3) 26... Qxe5 (26... Rcd6 {feels hotter.} 27. Re1 Qb7 28. Raa1 Rd5 29. Qe3 Rb8) 27. fxe5 $11 {[%mdl 4096] Endgame KRR-KRR} Rb6 28. Rf1 Kf8 29. Rf3 Rd7 30. Ra1 Rbb7 31. Kf2 Ke8 32. Ke3 Kd8 33. Raf1 Kc8 (33... Ke8 $11 {remains equal.}) 34. Ke4 Rbc7 (34... h6 $14) 35. Rd1 (35. Rh3 $16) 35... Kb7 36. d5 (36. Rh3 $16) 36... exd5+ {The position is equal.} 37. Rxd5 Kc6 38. Rxd7 Rxd7 {KR-KR} 39. Rg3 g6 40. Rf3 b4 41. axb4 axb4 42. Rf6+ Kc5 43. Rd6 bxc3 44. bxc3 (44. Rxd7 $2 {loses.} c2 $19) 44... f5+ 45. Ke3 Rxd6 46. exd6 Kxd6 {KP-KP} 47. Kd4 g5 48. Kxc4 {K3P-K3P} Ke5 49. Kd3 f4 50. c4 h6 51. h3 h5 52. c5 {aiming for c6.} g4 $1 ({Not} 52... Kd5 $2 {[#]} 53. c6 $1 $18 {[%mdl 512]}) 53. h4 Kd5 54. c6 $1 {[%cal Rc6c7]} Kxc6 {( -> ...Kd5)} 55. Ke4 {[#]} f3 $1 {[%cal Rf3g2][%mdl 512]} 56. gxf3 gxf3 {Accuracy: White = 84%, Black = 88%.} 1/2-1/2

[Event "Int SVK-ch Open 2020"]
[Site "Drienica"]
[Date "2020.08.07"]
[Round "1.24"]
[White "Brhel Jan"]
[Black "Malinovsky Jozef"]
[Result "1-0"]
[WhiteElo "2042"]
[BlackElo "1706"]
[Annotator "ChessBase"]
[PlyCount "69"]
[EventDate "2020.08.07"]
[EventType "swiss"]
[EventCountry "SVK"]
[SourceTitle "playchess.com"]
[Source "ChessBase"]
[SourceQuality "1"]
[TimeControl "40/5400+30:1800+30"]

1. d4 {[%emt 0:00:00]} Nf6 {[%emt 0:00:09]} 2. Nf3 {[%emt 0:00:13]} g6 {[%emt 0:02:07]} 3. c4 {[%emt 0:00:52]} Bg7 {[%emt 0:01:38]} 4. Nc3 {[%emt 0:00:12]} c6 {[%emt 0:01:21]} 5. e4 {[%emt 0:00:11]} d6 {[%emt 0:00:22]} 6. h3 {[%emt 0:00:54]} a6 {[%emt 0:01:31]} 7. a4 {[%emt 0:00:26]} O-O {[%emt 0:00:28]} 8. Be2 {[%emt 0:00:11]} c5 {[%emt 0:02:25]} 9. dxc5 {[%emt 0:00:54]} dxc5 {[%emt 0:00:26]} 10. O-O {[%emt 0:01:18]} Nc6 {[%emt 0:07:41]} 11. Be3 {[%emt 0:00:10]} Qxd1 {[%emt 0:03:19]} 12. Rfxd1 {[%emt 0:00:31]} Nd7 {[%emt 0:01:56]} 13. a5 {[%emt 0:01:38]} e5 {[%emt 0:11:50]} 14. Rd6 {[%emt 0:07:14]} Nd4 {[%emt 0:03:19]} 15. Rd1 {[%emt 0:01:46]} Re8 {[%emt 0:13:51]} 16. Kf1 {[%emt 0:06:28]} Bf8 {[%emt 0:05:18]} 17. Rd5 {[%emt 0:04:36]} f6 {[%emt 0:04:44]} 18. Nh4 {[%emt 0:01:11]} Nb8 {[%emt 0:03:28]} 19. Bg4 {[%emt 0:02:17]} Nbc6 {[%emt 0:00:34]} 20. Na4 {[%emt 0:01:37]} Bxg4 {[%emt 0:03:35]} 21. hxg4 {[%emt 0:00:23]} Nxa5 {[%emt 0:01:16]} 22. Nb6 {[%emt 0:02:36]} Rad8 {[%emt 0:00:47]} 23. b4 {[%emt 0:00:20]} Nab3 {[%emt 0:01:44]} 24. Nd7 {[%emt 0:00:24]} cxb4 {[%emt 0:00:52]} 25. Nxf6+ {[%emt 0:00:20]} Kf7 {[%emt 0:00:35]} 26. Nxe8 {[%emt 0:00:36]} Rxe8 {[%emt 0:00:11]} 27. Nf3 {[%emt 0:08:10]} Nxf3 {[%emt 0:01:53]} 28. gxf3 {[%emt 0:00:48]} Bg7 {[%emt 0:06:36]} 29. Rb1 {[%emt 0:03:14]} Nd4 {[%emt 0:00:22]} 30. Rd7+ {[%emt 0:00:48]} Re7 {[%emt 0:00:23]} 31. Rxe7+ {[%emt 0:00:12]} Kxe7 {[%emt 0:00:10]} 32. Bxd4 {[%emt 0:01:03]} exd4 {[%emt 0:00:09]} 33. Rxb4 {[%emt 0:00:09]} a5 {[%emt 0:02:00]} 34. Rxb7+ {[%emt 0:00:21]} Kf8 {[%emt 0:01:25]} 35. Ra7 {[%emt 0:00:47]} 1-0

[Event "Int SVK-ch Open 2020"]
[Site "Drienica"]
[Date "2020.08.07"]
[Round "1.24"]
[White "Magdova, Lucia"]
[Black "Durica, Daniel"]
[Result "0-1"]
[WhiteElo "1046"]
[BlackElo "1937"]
[Annotator "ChessBase"]
[PlyCount "30"]
[EventDate "2020.08.07"]
[EventType "swiss"]
[EventCountry "SVK"]
[SourceTitle "playchess.com"]
[Source "ChessBase"]
[SourceQuality "1"]
[TimeControl "40/5400+30:1800+30"]

1. e4 {[%emt 0:00:00]} d5 {[%emt 0:43:59]} 2. exd5 {[%emt 0:01:38]} e6 {[%emt 0:00:04]} 3. dxe6 {[%emt 0:00:59]} Bxe6 {[%emt 0:00:03]} 4. Bb5+ {[%emt 0:01:52]} Nc6 {[%emt 0:00:16]} 5. Nf3 {[%emt 0:01:26]} Nf6 {[%emt 0:00:47]} 6. O-O {[%emt 0:02:05]} Bd6 {[%emt 0:04:54]} 7. Nc3 {[%emt 0:00:33]} Qd7 {[%emt 0:00:08]} 8. d3 {[%emt 0:00:33]} O-O-O {[%emt 0:00:08]} 9. Bg5 {[%emt 0:01:40]} Bg4 {[%emt 0:00:08]} 10. h3 {[%emt 0:00:33]} Bxh3 {[%emt 0:00:08]} 11. gxh3 {[%emt 0:01:04]} Qxh3 {[%emt 0:00:03]} 12. Re1 {[%emt 0:02:03]} Ng4 {[%emt 0:01:30]} 13. Ne2 {[%emt 0:04:36]} Bh2+ {[%emt 0:00:12]} 14. Nxh2 {[%emt 0:00:35]} Qxh2+ {[%emt 0:00:05]} 15. Kf1 {[%emt 0:00:59]} Qxf2# 0-1

[Event "Int SVK-ch Open 2020"]
[Site "Drienica"]
[Date "2020.08.07"]
[Round "1.25"]
[White "Mandak, Miroslav"]
[Black "Sevcik, Ondrej"]
[Result "1-0"]
[WhiteElo "1927"]
[BlackElo "1017"]
[Annotator "ChessBase"]
[PlyCount "23"]
[EventDate "2020.08.07"]
[EventType "swiss"]
[EventCountry "SVK"]
[SourceTitle "playchess.com"]
[Source "ChessBase"]
[SourceQuality "1"]
[TimeControl "40/5400+30:1800+30"]

1. e4 {[%emt 0:00:00]} e5 {[%emt 0:00:00]} 2. f4 {[%emt 0:00:24]} f6 {[%emt 0:00:00]} 3. fxe5 {[%emt 0:02:47]} fxe5 {[%emt 0:00:00]} 4. Qh5+ {[%emt 0:00:45]} g6 {[%emt 0:01:27]} 5. Qxe5+ {[%emt 0:00:10]} Qe7 {[%emt 0:01:33]} 6. Qxh8 {[%emt 0:03:16]} Qxe4+ {[%emt 0:00:27]} 7. Ne2 {[%emt 0:00:32]} Qe6 {[%emt 0:02:04]} 8. Qc3 {[%emt 0:02:30]} Nc6 9. Qe3 {[%emt 0:00:32]} Bh6 {[%emt 0:02:38]} 10. Qxe6+ {[%emt 0:00:31]} dxe6 {[%emt 0:00:25]} 11. g3 {[%emt 0:00:48]} Bd7 {[%emt 0:02:00]} 12. Bg2 {[%emt 0:00:12]} 1-0

[Event "Int SVK-ch Open 2020"]
[Site "Drienica"]
[Date "2020.08.07"]
[Round "1.25"]
[White "Striskova Lucia"]
[Black "Kardis Benjamin"]
[Result "1-0"]
[WhiteElo "1706"]
[BlackElo "2042"]
[Annotator "ChessBase"]
[PlyCount "157"]
[EventDate "2020.08.07"]
[EventType "swiss"]
[EventCountry "SVK"]
[SourceTitle "playchess.com"]
[Source "ChessBase"]
[SourceQuality "1"]
[TimeControl "40/5400+30:1800+30"]

1. e4 {[%emt 0:00:00]} c6 {[%emt 0:00:00]} 2. Nc3 {[%emt 0:00:00]} d5 {[%emt 0:00:00]} 3. Nf3 {[%emt 0:00:00]} dxe4 {[%emt 0:00:00]} 4. Nxe4 {[%emt 0:00:08]} Nf6 {[%emt 0:00:00]} 5. Nxf6+ {[%emt 0:00:36]} exf6 {[%emt 0:00:00]} 6. Bc4 {[%emt 0:00:44]} Bd6 {[%emt 0:00:03]} 7. O-O {[%emt 0:00:59]} O-O {[%emt 0:00:04]} 8. d4 {[%emt 0:02:35]} Na6 {[%emt 0:00:06]} 9. Bb3 {[%emt 0:05:02]} Bg4 {[%emt 0:02:11]} 10. c3 {[%emt 0:03:43]} Nc7 {[%emt 0:03:00]} 11. Qd3 {[%emt 0:00:42]} Nd5 {[%emt 0:00:36]} 12. Bc2 {[%emt 0:00:20]} g6 {[%emt 0:00:28]} 13. Nh4 {[%emt 0:01:23]} f5 {[%emt 0:02:25]} 14. Nf3 {[%emt 0:00:24]} Nf4 {[%emt 0:02:22]} 15. Bxf4 {[%emt 0:00:58]} Bxf4 {[%emt 0:00:04]} 16. Ne5 {[%emt 0:00:09]} Bh5 {[%emt 0:01:34]} 17. Rfe1 {[%emt 0:03:33]} f6 {[%emt 0:00:25]} 18. Bb3+ {[%emt 0:00:56]} Kg7 {[%emt 0:00:18]} 19. Nc4 {[%emt 0:00:56]} Re8 {[%emt 0:01:33]} 20. Ne3 {[%emt 0:04:32]} Bc7 {[%emt 0:00:58]} 21. Qc4 {[%emt 0:01:03]} Qd7 {[%emt 0:00:49]} 22. f3 {[%emt 0:05:46]} Re7 {[%emt 0:03:43]} 23. Re2 {[%emt 0:01:18]} Qd6 {[%emt 0:09:11]} 24. Kf2 {[%emt 0:00:17]} f4 {[%emt 0:02:58]} 25. Nc2 {[%emt 0:01:49]} Rxe2+ {[%emt 0:00:12]} 26. Qxe2 {[%emt 0:00:10]} g5 {[%emt 0:00:16]} 27. Re1 {[%emt 0:02:14]} Re8 {[%emt 0:00:19]} 28. Qc4 {[%emt 0:00:33]} Rxe1 {[%emt 0:00:21]} 29. Nxe1 {[%emt 0:01:16]} f5 {[%emt 0:04:53]} 30. Qg8+ {[%emt 0:02:53]} Kh6 {[%emt 0:00:07]} 31. Qe6+ {[%emt 0:00:59]} Bg6 {[%emt 0:00:21]} 32. Nd3 {[%emt 0:00:11]} Kg7 {[%emt 0:02:35]} 33. Qg8+ {[%emt 0:00:22]} Kh6 {[%emt 0:00:09]} 34. Ne5 {[%emt 0:00:15]} Qf6 {[%emt 0:00:43]} 35. Nd7 {[%emt 0:05:24]} Qd6 {[%emt 0:03:22]} 36. Qf8+ {[%emt 0:00:09]} Qxf8 {[%emt 0:00:29]} 37. Nxf8 {[%emt 0:00:05]} Bd6 {[%emt 0:03:36]} 38. Ne6 {[%emt 0:04:19]} b5 {[%emt 0:02:11]} 39. Nd8 {[%emt 0:00:56]} Be8 {[%emt 0:01:18]} 40. Bf7 {[%emt 0:03:55]} Bd7 {[%emt 0:00:17]} 41. Be6 {[%emt 0:30:34]} Bxe6 {[%emt 0:30:21]} 42. Nxe6 {[%emt 0:00:06]} Be7 {[%emt 0:01:31]} 43. b4 {[%emt 0:00:45]} Kg6 {[%emt 0:00:21]} 44. h4 {[%emt 0:04:29]} h6 {[%emt 0:00:43]} 45. hxg5 {[%emt 0:00:26]} hxg5 {[%emt 0:00:08]} 46. Ke2 {[%emt 0:00:11]} Kf7 {[%emt 0:01:16]} 47. Nc7 {[%emt 0:02:07]} Bd6 {[%emt 0:00:16]} 48. Na6 {[%emt 0:00:09]} Ke6 {[%emt 0:02:49]} 49. Kd3 {[%emt 0:00:13]} Kd5 {[%emt 0:00:20]} 50. Kd2 {[%emt 0:02:01]} Kc4 {[%emt 0:00:25]} 51. Kc2 {[%emt 0:00:15]} Kd5 {[%emt 0:00:32]} 52. Kd3 {[%emt 0:00:07]} Bf8 {[%emt 0:01:06]} 53. Kd2 {[%emt 0:01:50]} Bd6 {[%emt 0:00:05]} 54. Kc2 {[%emt 0:00:44]} Kc4 {[%emt 0:00:17]} 55. Kd2 {[%emt 0:00:24]} Kd5 {[%emt 0:00:07]} 56. Kd3 {[%emt 0:00:23]} Bf8 {[%emt 0:00:08]} 57. Nb8 {[%emt 0:00:27]} Kd6 {[%emt 0:00:41]} 58. c4 {[%emt 0:00:25]} Kc7 {[%emt 0:03:55]} 59. Na6+ {[%emt 0:00:09]} Kd6 {[%emt 0:01:26]} 60. Kc3 {[%emt 0:01:18]} Bg7 {[%emt 0:01:21]} 61. Nc5 {[%emt 0:00:43]} Bf6 {[%emt 0:00:52]} 62. Nd3 {[%emt 0:01:24]} Bg7 {[%emt 0:00:36]} 63. Nc1 {[%emt 0:00:12]} Bf6 {[%emt 0:00:32]} 64. Ne2 {[%emt 0:00:05]} Bd8 {[%emt 0:00:54]} 65. Kb3 {[%emt 0:00:23]} Bf6 {[%emt 0:00:32]} 66. a4 {[%emt 0:00:28]} bxc4+ {[%emt 0:02:11]} 67. Kxc4 {[%emt 0:00:08]} Bd8 {[%emt 0:01:38]} 68. Nc1 {[%emt 0:00:17]} Bf6 {[%emt 0:01:42]} 69. Nd3 {[%emt 0:00:12]} Bg7 {[%emt 0:00:13]} 70. a5 {[%emt 0:00:55]} Bf6 {[%emt 0:00:11]} 71. Ne5 {[%emt 0:01:20]} Kc7 {[%emt 0:00:45]} 72. Nf7 {[%emt 0:01:15]} Be7 {[%emt 0:00:19]} 73. b5 {[%emt 0:00:42]} Bf6 {[%emt 0:01:46]} 74. Ne5 {[%emt 0:00:45]} cxb5+ {[%emt 0:00:21]} 75. Kxb5 {[%emt 0:00:08]} Kb7 {[%emt 0:00:02]} 76. a6+ {[%emt 0:00:17]} Kc7 {[%emt 0:00:42]} 77. Nc6 {[%emt 0:00:12]} Bg7 {[%emt 0:00:42]} 78. d5 {[%emt 0:01:21]} Kd6 {[%emt 0:00:35]} 79. Nxa7 {[%emt 0:00:14]} 1-0

[Event "Int SVK-ch Open 2020"]
[Site "Drienica"]
[Date "2020.08.08"]
[Round "2.1"]
[White "Bures Jaroslav"]
[Black "Panko, Eduard"]
[Result "1-0"]
[WhiteElo "2396"]
[BlackElo "1997"]
[Annotator "RC"]
[PlyCount "37"]
[EventDate "2020.08.07"]
[EventType "swiss"]
[EventCountry "SVK"]
[SourceTitle "playchess.com"]
[Source "ChessBase"]
[SourceQuality "1"]
[TimeControl "40/5400+30:1800+30"]

1. d4 {[%emt 0:00:00]} g6 {[%emt 0:00:00]} 2. e4 {[%emt 0:00:08]} Bg7 {[%emt 0:00:04]} 3. Nf3 {[%emt 0:00:43]} d6 {[%emt 0:01:00]} 4. Bc4 {[%emt 0:00:32]} c6 {[%emt 0:01:29]} 5. Nc3 {[%emt 0:00:40]} Qc7 {[%emt 0:01:40]} 6. O-O {[%emt 0:00:58]} e5 {[%emt 0:01:49]} 7. dxe5 {[%emt 0:04:57]} dxe5 {[%emt 0:00:19]} 8. Be3 {[%emt 0:00:06]} Nd7 {[%emt 0:11:14]} 9. Ng5 {[%emt 0:04:42]} Nh6 {[%emt 0:00:56]} 10. a4 {[%emt 0:01:54]} O-O {[%emt 0:03:08]} 11. Qb1 {[%emt 0:01:08]} Nb6 {[%emt 0:04:42]} 12. Bb3 {[%emt 0:00:59]} Qe7 {[%emt 0:00:46]} 13. h3 {[%emt 0:04:04]} Kh8 {[%emt 0:10:29]} 14. a5 {[%emt 0:00:30]} Nd7 {[%emt 0:01:33]} 15. Qa2 {[%emt 0:00:12]} Nc5 {[%emt 0:15:12]} 16. Qa3 {[%emt 0:02:07]} b6 {[%emt 0:43:39]} 17. axb6 {[%emt 1:14:50]} axb6 {[%emt 0:00:30]} 18. Qxa8 {[%emt 0:00:30]} Ba6 {[%emt 0:00:30]} 19. Bxc5 {[%emt 0:00:30]} 1-0

[Event "Int SVK-ch Open 2020"]
[Site "Drienica"]
[Date "2020.08.08"]
[Round "2.1"]
[White "Furman, Maximilian Jan"]
[Black "Demeter, Peter"]
[Result "0-1"]
[WhiteElo "1610"]
[BlackElo "2139"]
[Annotator "ChessBase"]
[PlyCount "64"]
[EventDate "2020.08.07"]
[EventType "swiss"]
[EventCountry "SVK"]
[SourceTitle "playchess.com"]
[Source "ChessBase"]
[SourceQuality "1"]
[TimeControl "40/5400+30:1800+30"]

1. e4 {[%emt 0:00:00]} g6 {[%emt 0:00:56]} 2. d4 {[%emt 0:00:00]} Bg7 {[%emt 0:00:06]} 3. Nc3 {[%emt 0:00:36]} d6 {[%emt 0:00:12]} 4. Be3 {[%emt 0:00:19]} Nf6 {[%emt 0:00:06]} 5. h3 {[%emt 0:00:14]} O-O {[%emt 0:00:08]} 6. f4 {[%emt 0:00:30]} c5 {[%emt 0:01:10]} 7. dxc5 {[%emt 0:00:22]} Qa5 {[%emt 0:00:13]} 8. Bd3 {[%emt 0:00:08]} dxc5 {[%emt 0:01:36]} 9. Bd2 {[%emt 0:00:53]} Qd8 {[%emt 0:07:44]} 10. Nf3 {[%emt 0:09:43]} Nc6 {[%emt 0:02:26]} 11. Qe2 {[%emt 0:07:35]} e5 {[%emt 0:07:12]} 12. fxe5 {[%emt 0:05:45]} Nh5 {[%emt 0:00:52]} 13. Qf2 {[%emt 0:11:37]} Nxe5 {[%emt 0:01:06]} 14. Nxe5 {[%emt 0:01:02]} Bxe5 {[%emt 0:00:07]} 15. O-O-O {[%emt 0:00:20]} Qa5 {[%emt 0:06:25]} 16. Bc4 {[%emt 0:05:59]} Bd4 {[%emt 0:09:26]} 17. Qf3 {[%emt 0:03:42]} Qb6 {[%emt 0:04:22]} 18. Bh6 {[%emt 0:14:16]} Ng7 {[%emt 0:21:44]} 19. Rhf1 {[%emt 0:11:41]} Be6 {[%emt 0:00:18]} 20. Bd5 {[%emt 0:02:17]} Bxd5 {[%emt 0:11:15]} 21. exd5 {[%emt 0:00:18]} Rad8 {[%emt 0:02:00]} 22. g4 {[%emt 0:05:07]} f5 {[%emt 0:01:05]} 23. Na4 {[%emt 0:04:38]} Qa6 {[%emt 0:04:13]} 24. Nxc5 {[%emt 0:03:09]} Qxa2 {[%emt 0:06:41]} 25. Rxd4 {[%emt 0:01:08]} fxg4 {[%emt 0:01:54]} 26. Qe2 {[%emt 0:06:46]} Rxf1+ {[%emt 0:01:29]} 27. Kd2 {[%emt 0:00:18]} Rdf8 {[%emt 0:01:45]} 28. Kc3 {[%emt 0:02:34]} Qa5+ {[%emt 0:00:40]} 29. b4 {[%emt 0:01:52]} Qa1+ {[%emt 0:00:09]} 30. Kc4 {[%emt 0:00:11]} b5+ {[%emt 0:00:11]} 31. Kd3 {[%emt 0:00:35]} R8f3+ {[%emt 0:00:53]} 32. Be3 {[%emt 0:00:52]} Nf5 {[%emt 0:00:31]} 0-1

[Event "Int SVK-ch Open 2020"]
[Site "Drienica"]
[Date "2020.08.08"]
[Round "2.2"]
[White "Ferkova, Dominika"]
[Black "Bujna, Martin"]
[Result "1/2-1/2"]
[WhiteElo "2088"]
[BlackElo "1841"]
[Annotator "ChessBase"]
[PlyCount "96"]
[EventDate "2020.08.07"]
[EventType "swiss"]
[EventCountry "SVK"]
[SourceTitle "playchess.com"]
[Source "ChessBase"]
[SourceQuality "1"]
[TimeControl "40/5400+30:1800+30"]

1. d4 {[%emt 0:00:00]} Nf6 {[%emt 0:01:35]} 2. c4 {[%emt 0:00:37]} e6 {[%emt 0:00:19]} 3. Nc3 {[%emt 0:00:05]} c5 {[%emt 0:00:21]} 4. d5 {[%emt 0:00:06]} exd5 {[%emt 0:00:08]} 5. cxd5 {[%emt 0:00:06]} d6 {[%emt 0:00:09]} 6. e4 {[%emt 0:01:12]} a6 {[%emt 0:00:15]} 7. a4 {[%emt 0:00:30]} g6 {[%emt 0:00:21]} 8. Bd3 {[%emt 0:01:08]} Bg7 {[%emt 0:00:24]} 9. Nf3 {[%emt 0:02:30]} Bg4 {[%emt 0:00:22]} 10. h3 {[%emt 0:01:24]} Bxf3 {[%emt 0:00:34]} 11. Qxf3 {[%emt 0:00:08]} Nbd7 {[%emt 0:00:25]} 12. O-O {[%emt 0:00:55]} O-O {[%emt 0:02:38]} 13. Bf4 {[%emt 0:06:52]} Ne5 {[%emt 0:00:49]} 14. Qe3 {[%emt 0:00:24]} Re8 {[%emt 0:00:20]} 15. Bh2 {[%emt 0:03:37]} Qb6 {[%emt 0:01:17]} 16. Be2 {[%emt 0:17:21]} Qb4 {[%emt 0:02:01]} 17. a5 {[%emt 0:18:16]} Rad8 {[%emt 0:05:49]} 18. Ra4 {[%emt 0:03:18]} Qb3 {[%emt 0:00:20]} 19. Rb1 {[%emt 0:08:39]} b5 {[%emt 0:16:31]} 20. Bd1 {[%emt 0:02:33]} Nc4 {[%emt 0:02:27]} 21. Qe2 {[%emt 0:05:29]} Qxc3 {[%emt 0:01:36]} 22. bxc3 {[%emt 0:00:17]} Rxe4 {[%emt 0:00:24]} 23. Rxc4 {[%emt 0:09:31]} Rxe2 {[%emt 0:00:19]} 24. Bxe2 {[%emt 0:00:07]} bxc4 {[%emt 0:00:10]} 25. Bxc4 {[%emt 0:00:03]} Ne4 {[%emt 0:00:30]} 26. Rb6 {[%emt 0:02:20]} Bxc3 {[%emt 0:04:25]} 27. Rxa6 {[%emt 0:00:46]} Bb4 {[%emt 0:01:08]} 28. f3 {[%emt 0:08:53]} Nd2 {[%emt 0:00:29]} 29. Bb5 {[%emt 0:03:21]} c4 {[%emt 0:01:28]} 30. Bf4 {[%emt 0:01:20]} Bc5+ {[%emt 0:01:08]} 31. Kh2 {[%emt 0:01:06]} c3 {[%emt 0:02:08]} 32. Rc6 {[%emt 0:01:01]} Nb3 {[%emt 0:00:33]} 33. a6 {[%emt 0:00:46]} Nd4 {[%emt 0:00:23]} 34. Rxc5 {[%emt 0:01:26]} dxc5 {[%emt 0:00:25]} 35. Bc6 {[%emt 0:00:37]} Nxc6 {[%emt 0:00:14]} 36. dxc6 {[%emt 0:00:07]} c2 {[%emt 0:01:03]} 37. Kg3 {[%emt 0:01:06]} f6 {[%emt 0:00:34]} 38. Kf2 {[%emt 0:00:25]} Kf7 {[%emt 0:00:17]} 39. Ke2 {[%emt 0:00:20]} Ke6 {[%emt 0:00:19]} 40. c7 {[%emt 0:00:38]} Rc8 {[%emt 0:00:18]} 41. Kd2 {[%emt 0:30:21]} Kd5 {[%emt 0:31:19]} 42. Kxc2 {[%emt 0:00:00]} Kc6 {[%emt 0:00:00]} 43. Kc3 {[%emt 0:00:00]} Kb5 {[%emt 0:00:00]} 44. a7 {[%emt 0:00:00]} Kb6 {[%emt 0:00:00]} 45. Kc4 {[%emt 0:00:00]} Kxa7 {[%emt 0:00:00]} 46. Kxc5 {[%emt 0:00:00]} Kb7 {[%emt 0:00:00]} 47. h4 {[%emt 0:00:00]} Re8 {[%emt 0:00:00]} 48. g4 {[%emt 0:00:00]} Kc8 {[%emt 0:00:00]} 1/2-1/2

[Event "Int SVK-ch Open 2020"]
[Site "Drienica"]
[Date "2020.08.08"]
[Round "2.2"]
[White "Konyves, Almos"]
[Black "Czebe Attila"]
[Result "0-1"]
[WhiteElo "2076"]
[BlackElo "2378"]
[Annotator "RC"]
[PlyCount "74"]
[EventDate "2020.08.07"]
[EventType "swiss"]
[EventCountry "SVK"]
[SourceTitle "playchess.com"]
[Source "ChessBase"]
[SourceQuality "1"]
[TimeControl "40/5400+30:1800+30"]

1. e4 {[%emt 0:00:00]} c5 {[%emt 0:01:00]} 2. Nf3 {[%emt 0:00:19]} Nc6 {[%emt 0:00:18]} 3. d4 {[%emt 0:00:39]} cxd4 {[%emt 0:00:05]} 4. Nxd4 {[%emt 0:00:06]} Qb6 {[%emt 0:00:19]} 5. Nb3 {[%emt 0:00:07]} Nf6 {[%emt 0:00:06]} 6. Nc3 {[%emt 0:00:13]} e6 {[%emt 0:00:05]} 7. Qe2 {[%emt 0:01:16]} Bb4 {[%emt 0:00:05]} 8. Bd2 {[%emt 0:00:36]} O-O {[%emt 0:00:14]} 9. a3 {[%emt 0:01:41]} Be7 {[%emt 0:00:46]} 10. Be3 {[%emt 0:01:26]} Qc7 {[%emt 0:00:06]} 11. g4 {[%emt 0:02:04]} d5 {[%emt 0:01:25]} 12. exd5 {[%emt 0:03:32]} Nxd5 {[%emt 0:00:33]} 13. Nxd5 {[%emt 0:00:43]} exd5 {[%emt 0:00:05]} 14. O-O-O {[%emt 0:01:47]} f5 {[%emt 0:02:40]} 15. Bg2 {[%emt 0:07:58]} fxg4 {[%emt 0:00:56]} 16. Bxd5+ {[%emt 0:00:29]} Kh8 {[%emt 0:00:04]} 17. Nd4 {[%emt 0:20:20]} Bf6 {[%emt 0:03:52]} 18. Nxc6 {[%emt 0:16:19]} bxc6 {[%emt 0:00:14]} 19. Bc5 {[%emt 0:08:51]} cxd5 {[%emt 0:03:00]} 20. Bxf8 {[%emt 0:01:32]} Bf5 {[%emt 0:01:03]} 21. Bb4 {[%emt 0:04:30]} Be4 {[%emt 0:03:01]} 22. Rhe1 {[%emt 0:02:08]} a5 {[%emt 0:03:26]} 23. Bc3 {[%emt 0:01:42]} Bxc3 {[%emt 0:00:38]} 24. bxc3 {[%emt 0:00:05]} Qxc3 {[%emt 0:00:20]} 25. Rd3 {[%emt 0:00:12]} Qf6 {[%emt 0:01:41]} 26. Kd2 {[%emt 0:01:41]} Bxd3 {[%emt 0:12:40]} 27. Qe8+ {[%emt 0:00:45]} Qf8 {[%emt 0:00:03]} 28. Qxf8+ {[%emt 0:00:06]} Rxf8 {[%emt 0:00:04]} 29. Kxd3 {[%emt 0:00:25]} Kg8 {[%emt 0:00:06]} 30. Re5 {[%emt 0:12:20]} Rxf2 {[%emt 0:01:59]} 31. Rxd5 {[%emt 0:00:09]} Rxh2 {[%emt 0:00:03]} 32. Rg5 {[%emt 0:00:17]} Rh3+ {[%emt 0:01:11]} 33. Kd4 {[%emt 0:00:13]} g3 {[%emt 0:03:10]} 34. c4 {[%emt 0:03:19]} h6 {[%emt 0:00:53]} 35. Rg4 {[%emt 0:00:05]} h5 {[%emt 0:02:37]} 36. Rg5 {[%emt 0:00:25]} Rh4+ {[%emt 0:00:17]} 37. Ke5 {[%emt 0:02:09]} Rg4 {[%emt 0:01:28]} 0-1

[Event "Int SVK-ch Open 2020"]
[Site "Drienica"]
[Date "2020.08.08"]
[Round "2.3"]
[White "Manik Mikulas"]
[Black "Hudak, Vasil"]
[Result "1-0"]
[WhiteElo "2366"]
[BlackElo "2019"]
[Annotator "ChessBase"]
[PlyCount "45"]
[EventDate "2020.08.07"]
[EventType "swiss"]
[EventCountry "SVK"]
[SourceTitle "playchess.com"]
[Source "ChessBase"]
[SourceQuality "1"]
[TimeControl "40/5400+30:1800+30"]

1. e4 {[%emt 0:01:24]} c5 {[%emt 0:00:00]} 2. Nf3 {[%emt 0:00:05]} Nc6 {[%emt 0:00:07]} 3. Bb5 {[%emt 0:00:07]} g6 {[%emt 0:00:20]} 4. O-O {[%emt 0:00:39]} Bg7 {[%emt 0:00:34]} 5. Re1 {[%emt 0:00:21]} e6 {[%emt 0:06:15]} 6. Bxc6 {[%emt 0:07:51]} dxc6 {[%emt 0:00:13]} 7. e5 {[%emt 0:07:00]} Ne7 {[%emt 0:01:48]} 8. Nc3 {[%emt 0:02:08]} Qc7 {[%emt 0:01:51]} 9. d3 {[%emt 0:03:09]} h6 {[%emt 0:00:53]} 10. Ne4 {[%emt 0:00:31]} Bxe5 {[%emt 0:09:21]} 11. Nxe5 {[%emt 0:02:30]} Qxe5 {[%emt 0:00:08]} 12. Bd2 {[%emt 0:09:10]} Nf5 {[%emt 0:03:22]} 13. g4 {[%emt 0:05:24]} Nd4 {[%emt 0:03:08]} 14. c3 {[%emt 0:04:25]} Nb5 {[%emt 0:00:12]} 15. a4 {[%emt 0:00:02]} Nd6 {[%emt 0:00:08]} 16. f4 {[%emt 0:00:03]} Qg7 {[%emt 0:03:19]} 17. Nxd6+ {[%emt 0:00:21]} Kd7 {[%emt 0:01:20]} 18. Nxc8 {[%emt 0:02:38]} g5 {[%emt 0:03:44]} 19. f5 {[%emt 0:01:31]} e5 {[%emt 0:01:11]} 20. d4 {[%emt 0:01:17]} cxd4 {[%emt 0:03:45]} 21. cxd4 {[%emt 0:00:07]} exd4 {[%emt 0:02:56]} 22. Re7+ {[%emt 0:01:11]} Kxc8 {[%emt 0:00:14]} 23. Qb3 {[%emt 0:00:05]} 1-0